Conference of educators in landscape architecture /
Saved in:
| Corporate Authors: | , , |
|---|---|
| Other Authors: | |
| Format: | Book |
| Language: | English |
| Published: |
Syracuse, New York :
The Syracuse University and New York State University College of Forestry,
1954.
|
| Subjects: | |
| Tags: |
Add Tag
No Tags, Be the first to tag this record!
|
| LEADER | 01053nam a22002417u 4500 | ||
|---|---|---|---|
| 001 | 000000315-8 | ||
| 005 | 20020606090541.3 | ||
| 008 | 830127|1954 ||||||| |||| |0||||eng|d | ||
| 035 | 0 | |a ocm82013731 | |
| 111 | 2 | |a National Conference on Instruction in Landscape Architecture |n (35th : |d 1954 : |c Syracuse University) | |
| 245 | 1 | 0 | |a Conference of educators in landscape architecture / |c prepared by R.C. Layton. |
| 260 | 0 | |a Syracuse, New York : |b The Syracuse University and New York State University College of Forestry, |c 1954. | |
| 300 | |a 14 p. ; |c 28 cm. | ||
| 500 | |a Typescript. | ||
| 500 | |a Includes separate list of registrants and program. | ||
| 500 | |a Conference held June 23-26, 1954. | ||
| 611 | 2 | 0 | |a National Conference of Educators in Landscape Architecture |n (35th : |d 1954 : |c Syracuse University). |
| 650 | 0 | |a Landscape architecture |x Study and teaching |x Congresses. | |
| 700 | 1 | |a Layton, Ruth C. | |
| 710 | 2 | |a Syracuse University. | |
| 710 | 2 | |a New York State University College of Forestry at Syracuse University. | |
| 988 | |a 20020608 | ||
| 906 | |0 MH | ||


